Κοινωνική και προληπτική ιατρική

Saved in:
Bibliographic Details
Main Author: Αρβανιτίδου - Βαγιωνά, M.
Format: Book
Language:Greek
Published: Θεσσαλονίκη : University Studio Press, 2009
Subjects:
Tags: Add Tag
No Tags, Be the first to tag this record!

MARC

LEADER 00000nam a2200000 i 4500
001 1/39717
008 131220s2009 gre d
020 |a 978-960-12-1819-9 
035 |l 10116255 
040 |a GR-MY-UA  |b gre  |e aacr 
041 0 |a gre 
082 0 |a 613  |2 (22) 
100 1 |a Αρβανιτίδου - Βαγιωνά, M. 
245 1 0 |a Κοινωνική και προληπτική ιατρική /  |c Μ. Αρβανιτίδου - Βαγιωνά 
260 |a Θεσσαλονίκη :   |b University Studio Press,   |c 2009 
300 |a 362 σ.;  |b πίν.;  |c 24 εκ. 
504 |a Περιλαμβάνει βιβλιογραφικές αναφορές 
650 0 0 |a Health behavior. 
650 0 0 |a Hygiene. 
650 0 0 |a Environmental health. 
650 0 0 |a Public health. 
852 |a INST  |b LESVOS  |c EUDOXUS  |e 20131220  |h 613 ΑΡΒ  |p 005100052731  |q 005100052731  |t EDX  |y 0 
852 |a INST  |b LESVOS  |c EUDOXUS  |e 20131220  |h 613 ΑΡΒ  |p 005100052732  |q 005100052732  |t EDX  |y 0 
852 |a INST  |b LESVOS  |c EUDOXUS  |e 20131220  |h 613 ΑΡΒ  |p 005100052733  |q 005100052733  |t EDX  |y 0 
901 |a BIBL1-2013-3 
909 |a Λ  |b 186306 
909 |a Λ  |b 186307 
909 |a Λ  |b 186308 
920 |a ΕΥΔΟΞΟΣ  |b ΠΑΡΑΓΓΕΛΙΑ  |y ΛΕΣΒΟΣ-ΤΕΘ  |z 2013-04 
970 |a ΤΖΑΦΕΡΗ  |b ΕΥΑΓΓΕΛΙΑ  |z 2013/12/19